El juramento de los Centenera / (Record no. 149294)

MARC details
000 -CABECERA
campo de control de longitud fija 00676nam a2200217 u 4500
005 - FECHA Y HORA DE LA ÚLTIMA TRANSACCIÓN
campo de control 20240823063913.0
008 - ELEMENTOS DE LONGITUD FIJA--INFORMACIÓN GENERAL
campo de control de longitud fija 100707s2007 es r 000 0 spa d
020 ## - NÚMERO INTERNACIONAL NORMALIZADO PARA LIBROS
Número Internacional Estándar del Libro 9788426366269
035 ## - NÚMERO DE CONTROL DEL SISTEMA
Número de control de sistema UPN01000177191
049 ## - COLECCIÓN
Colección CG
050 #4 - SIGNATURA TOPOGRÁFICA DE LA BIBLIOTECA DEL CONGRESO
Número de clasificación PQ7798.13 A7.3
Número de documento/Ítem J8.7
100 1# - ASIENTO PRINCIPAL--NOMBRE PERSONAL
Nombre de persona Carreras de Sosa, Lydia María,
Fechas asociadas al nombre 1949-
9 (RLIN) 37502
245 13 - MENCIÓN DE TÍTULO
Título El juramento de los Centenera /
Mención de responsabilidad, etc. Lydia Carreras de Sosa.
260 ## - PUBLICACIÓN, DISTRIBUCIÓN, ETC.
Lugar de publicación, distribución, etc. Zaragoza, Esp. :
Nombre del editor, distribuidor, etc. Edelvives,
Fecha de publicación, distribución, etc. 2007.
300 ## - DESCRIPCIÓN FÍSICA
Extensión 188 p.
440 #0 - MENCIÓN DE SERIE/ASIENTO SECUNDARIO--TÍTULO
Título Alandar ;
Designación de volumen o secuencia 99
586 ## - NOTA DE PREMIOS
Nota de premios VII Premio Alandar de Narrativa Juvenil
650 #4 - ASIENTO SECUNDARIO DE MATERIA - TERMINO TEMATICO
Término de materia o nombre geográfico como elemento de entrada Novela argentina
Subdivisión cronológica Siglo XX
9 (RLIN) 15400
650 #0 - ASIENTO SECUNDARIO DE MATERIA - TERMINO TEMATICO
Término de materia o nombre geográfico como elemento de entrada Literatura juvenil argentina
9 (RLIN) 12413
905 ## - TIPO DE MATERIAL
Tipo de material Libro
Holdings
Estado de retiro Estado de pérdida Fuente del sistema de clasificación o colocación Estado dañado No para préstamo Código de colección Localización permanente Ubicación/localización actual Ubicación en estantería Fecha de adquisición Total de préstamos Clasificación Código de barras Fecha visto por última vez Número de copia Tipo de ítem Koha
    Library of Congress Classification     Colección General Bib. Gregorio Torres Quintero Bib. Gregorio Torres Quintero Planta baja 03/09/2024 1 PQ7798.13 A7.3 J8.7 273248 03/09/2024 1 Libro